000 00576nam a2200169Ia 4500
008 090201s9999 xx 000 0 und d
010 _aKPL-28661
040 _bमराठी
041 _aमराठी
082 _a30568
_b28661
100 _aवसंत नरहर फेणे
245 _aसेंट्रल बस स्टेशन
_cवसंत नरहर फेणे
260 _c2004
_bग्रंथाली प्रकाशन
300 _a156
_bमोठा
600 _aसेंट्रल बस स्टेशन
942 _cBOOK
999 _c229098
_d229098